Wirtschaftshilfen an die DDR <Die> handelspolitische Alternative

Saved in:
Bibliographic Details
Main Author: Stehn, Jürgen
Format: Book
Language:German
Published: Kiel Institut für Weltwirtschaft 1989
Series:Arbeitspapier Nr. 404
Tags: Add Tag
No Tags, Be the first to tag this record!

MARC

LEADER 00000nam a2200000 4500
001 c031455
005 20250526075519.5
041 0 |a ger 
044 |a DE 
245 1 0 |a Wirtschaftshilfen an die DDR  |b <Die> handelspolitische Alternative  |c Jürgen Stehn 
264 1 |a Kiel  |b Institut für Weltwirtschaft  |c 1989 
300 |a 24 s. 
490 1 |a Arbeitspapier  |v Nr. 404 
830 0 |a Arbeitspapier  |v Nr. 404 
100 1 |a Stehn, Jürgen